000 00644nam a2200229 i 4500
001 141226
003 ES-MaACL
005 20230906200241.0
007 t|
008 070920s1995 sp ||||1| spa d
020 _a84-410-0046-8
080 _a821.134.2
100 1 _aMira de Amescua, Antonio.
_981453
245 1 3 _aEl esclavo del demonio /
_cMira de Amescua.
260 _aMadrid :
_bPML,
_c[1995]
300 _a153 p. ;
_c18 cm.
490 1 _aClásicos Españoles
500 _abiblioteca Jacinto Martínez Lacalle.
830 0 _aClásicos Españoles
_9189954
852 _aES-MaACL
_jE-12168
_bR.190425
999 _c141226
_d141226